000
00186 a2200097 4500
020
_a
9781681445373
041
_a
eng
100
_a
O"neill, Louise
245
_a
Asking for it
942
_c
BK
999
_c
14768
_d
14768